| 000 | 00444nam a22001817a 4500 | ||
|---|---|---|---|
| 003 | MPLRDC | ||
| 005 | 20220104124529.0 | ||
| 008 | 210129b ||||| |||| 00| 0 eng d | ||
| 020 | _a7-80581-782-0 | ||
| 082 | _a802.7 WPK | ||
| 100 | _a王培堃编绘 | ||
| 245 |
_a漫画同义词辨析 _c |
||
| 250 | _a一版一刷 | ||
| 260 |
_a _b接力出版社 _c1994 |
||
| 300 | _b平 | ||
| 650 | _a华语--修辞; 作文 | ||
| 942 |
_cBK _o802.7 WPK |
||
| 999 |
_c20079 _d20069 |
||